000 00949nam a22002297a 4500
999 _c194243
_d194243
005 20230322105609.0
010 _aB-746193-198 E.N.A./7.11.22
020 _a9789390157204
_c1095.00
035 _aB-746193-198
037 _bD.P.S. Publishing House
082 _a004
100 _aJindal, Munish
245 _aUGC-NET:
_bComputer Science and Application (Paper-II)/
_cMunish jindal... [et .al]..
260 _aNew Delhi
_bD.P.S. Publishing House
_c2021
270 _a4598/12D, Gola Cottage, Ansari Road, Daryaganj,
_bNew Delhi
_e110002
_k011-43586184
300 _a1026p.
_c24cm(pbk)
700 _amangat, Veenu
700 _aSaluja, Krishan
700 _aJindal, K.M.
942 _2ddc
_cEN
_mJIN
_h004